[Event "Andalucia-ch U12"]
[Site "Huelva"]
[Date "2014.04.25"]
[Round "1.2"]
[White "Moreno Cano, Francisco"]
[Black "Guerra Rivera, Salvador"]
[Result "0-1"]
[WhiteElo "1145"]
[BlackElo "1714"]
[PlyCount "62"]
[EventDate "2014.04.25"]
[EventType "swiss"]
[EventRounds "9"]
[EventCountry "ESP"]
[SourceTitle "EXT 2024"]
[Source "ChessBase"]
[SourceDate "2023.10.10"]
[SourceVersion "1"]
[SourceVersionDate "2023.10.10"]
[SourceQuality "1"]

1. e4 d6 2. f4 Nf6 3. Nc3 d5 4. e5 d4 5. Nce2 Nd5 6. Nf3 Bg4 7. g3 Bxf3 8. Rg1 e6 9. Bg2 Bxe2 10. Qxe2 c6 11. c4 d3 12. Qxd3 Nb4 13. Qxd8+ Kxd8 14. Kd1 Bc5 15. Rf1 Ke7 16. a3 Nd3 17. b4 Bb6 18. c5 Bc7 19. Ke2 Rd8 20. Rf3 Nxc1+ 21. Rxc1 a5 22. bxa5 Bxa5 23. Rc2 Na6 24. Rb3 Rd7 25. Rcb2 Nxc5 26. Rf3 Rad8 27. d4 Rxd4 28. f5 Rd2+ 29. Rxd2 Rxd2+ 30. Kf1 Rd1+ 31. Ke2 Re1+ 0-1